000
00253nam a2200097Ia 4500
001
1198296
005
20250827021842.0
008
250824s9999 xx 000 0 und d
245
0
_a
SELİN VE CEMLE YOLCULUKLAR
_c
BUKET UZUNER
260
_b
EVEREST YAYINLARI
999
_c
1198296
_d
1198296